01022nam a22002417a 450000100060000000300080000600500170001400800410003103500190007204000350009104100080012608200290013410000300016324502040019326000910039730000370048850200970052550400350062265000420065770000510069994200130075099900170076381819BD-RjUL20230830171937.0230830s2018 bg a|||| m||| 00| 0 eng d a(BD-RjUL)81819 aBD-RjULbengcBD-RjULdBD-RjUL aeng 223a370.0954924bHOP2018 aHossain, Md. Sazzad9871110aProblems and opportunities of education for the people living in polder areas in Bangladesh :bA Study on Rajshahi District /cResearcher Md. Sazzad Hossain ;6Supervisor : Shahidur, Rahman Choudhary aRajshahi :bInstitute of Education and Research (I E R), University of Rajshahi,c2018 axx, 170 leaves :bill, ;c29.cm. aThesis (Ph. D.) -- Institute of Education and Research (I E R), University of Rajshahi, 2018 aReferences : Leaves [133] -137 aEducationvRajshahizBangladesh98712 aChoudhary, Shahidur, Rahman, Supervisor 98713 2ddccTHE c81820d81820